| 000 | 00921nam a2200253 i 4500 | ||
|---|---|---|---|
| 001 | bg | ||
| 245 | 0 | 0 |
_aCertyfikat CE w zakresie kompatybilności elektromagnetycznej : _bpraktyczny poradnik : normy i zasady bezpieczeństwa w elektrotechnice. _nT. 1 / _cAndrzej Lech Koszmider [et al.]. |
| 250 | _aAktualizacja bieżąca. | ||
| 260 |
_aWarszawa : _bWEKA, _c2000. |
||
| 300 |
_aSkoroszyt ; _c30 cm. |
||
| 650 | 9 |
_aCertyfikacja zgodności _zPolska |
|
| 650 | 9 |
_aCertyfikacja zgodności _zUnia Europejska |
|
| 650 | 9 |
_aElektrotechnika _xnormalizacja _zPolska |
|
| 650 | 9 |
_aElektrotechnika _xnormalizacja _zUnia Europejska |
|
| 650 | 9 |
_aElektrotechnika _xbezpieczeństwo i higiena pracy |
|
| 655 | _aPoradniki | ||
| 020 | _a8387287504 | ||
| 040 | _cBPK | ||
| 041 | _apl | ||
| 080 | _a621.3:614.8:331.45:006](438:4-67)(083.74) | ||
| 920 | _a83-87287-50-4 | ||
| 942 | _cKA | ||
| 008 | s pl f |000 0 pol | ||
| 999 |
_c24263 _d24263 |
||
| 856 |
_uhttp://koha.tu.koszalin.pl/cgi-bin/koha/opac-detail.pl?biblionumber=24263 _yKatalog online BPK |
||